Statistics for Top 50 Countries gdp per capita 2100

Click here to take the quiz!

General Stats

  • This quiz has been taken 62 times
    (34 since last reset)
  • The average score is 33 of 51

Answer Stats

AnswerGDPGDP Per Capita% Correct
Usa177 Trillion $410k $
97%
China463 Trillion $436k $
94%
Canada18 Trillion $324k $
87%
Germany20 Trillion $280k $
87%
India562 Trillion $389k $
84%
Luxembourg516 Billion $524k $
84%
Norway3 Trillion $504k $
84%
Sweden4 Trillion $346k $
84%
United Kingdom18 Trillion $199k $
84%
Finland1.3 Trillion $263k $
81%
Monaco26 Billion $526k $
81%
Denmark2 Trillion $409k $
77%
Mexico51 Trillion $365k $
77%
Austria3 Trillion $367k $
74%
France18 Trillion $194k $
74%
Indonesia115 Trillion $362k $
74%
Japan26 Trillion $359k $
74%
Liechtenstein18 Billion $516k $
74%
Netherlands6 Trillion $418k $
74%
Qatar2 Trillion $537k $
74%
Singapore2 Trillion $560k $
74%
Andorra5 Billion $299k $
71%
Ireland2 Trillion $370k $
71%
South Korea18 Trillion $654k $
71%
Switzerland7 Trillion $499k $
71%
Belgium3 Trillion $271k $
68%
New Zealand2 Trillion $420k $
68%
Russia33 Trillion $267k $
68%
United Arab Emirates6 Trillion $557k $
68%
Czechia3 Trillion $253k $
65%
Iceland160 Billion $456k $
65%
Nigeria139 Trillion $190k $
65%
Saudi Arabia7 Trillion $205k $
65%
Malaysia18 Trillion $466k $
61%
Vietnam20 Trillion $215k $
61%
Argentina18 Trillion $339k $
58%
Philippines54 Trillion $375k $
58%
San Marino7 Billion $378k $
58%
Bahrain937 Billion $425k $
55%
Turkey18 Trillion $240k $
55%
Egypt22 Trillion $257k $
52%
Brunei146 Billion $377k $
45%
Kuwait2 Trillion $426k $
45%
Iraq16 Trillion $185k $
42%
Bahamas161 Billion $350k $
35%
Peru15 Trillion $419k $
35%
Romania3.5 Trillion $247k $
35%
Trinidad and Tobago319 Billion $330k $
26%
Barbados71 Billion $335k $
23%
Venezuela16 Trillion $488k $
23%
Antigua and Barbuda31 Billion $311k $
10%

Score Distribution

Percentile by Number Answered

Percent of People with Each Score

Your Score History

You have not taken this quiz since the last reset